| 000 | 00655 a2200193 4500 | ||
|---|---|---|---|
| 020 | _a9780195323030 | ||
| 040 |
_aDLC _bDLC |
||
| 100 | 1 | _aSedra, Adel S. | |
| 245 | 1 | 0 |
_aMicroelectronic circuits _cAdel S. Sedra, Kenneth C. Smith. |
| 250 | _a6th ed. | ||
| 260 |
_aNew York : _bOxford University Press, _c2010. |
||
| 300 |
_axxxiii, 1397 p. : _bill. ; _c27 cm. + _e1 DVD-ROM |
||
| 440 | 0 | _aThe Oxford series in electrical and computer engineering. | |
| 500 | _aAcc. No. 6443 & 6983 received in replace of 5th ed. | ||
| 650 | 0 | _aElectronic circuits. | |
| 650 | 0 | _aIntegrated circuits. | |
| 700 | 1 | _aSmith, Kenneth Carless. | |
| 942 |
_cBK _k621.381 SED _2ddc |
||
| 999 |
_c10308 _d10308 |
||